Employability from theory to practice

Bibliographic Details
Other Authors: Weinert, Patricia (Editor), Baukens, Michèle (Editor), Bollérot, Patrick (Editor), Pineschi-Gapènne, Marina (Editor), Walwei, Ulrich (Editor)
Format: Book
Language:English
PhysicalDescription:xiv, 213 strán ilustrácie 24 cm
Published: London New York Routledge, Taylor & Francis Group 2017
ISBN:9781138522787
9780765808790
Edition:First issued in hardback
Series:International social security series
Subjects:

MARC

LEADER 00000cam a2200000 4500
001 vtls011982068
003 SK-MaSNL
005 20260301225901.0
008 220509s2017 xxka frin 000 0 eng
015 |a SNBZSA2021/04 
020 |a 9781138522787  |q (viazané) 
020 |a 9780765808790  |q (pbk) 
035 |a urn:nbn:sk:snk-am00gg6h 
035 |a urn:nbn:sk:snk-am3j6xi 
035 |a 8DA62C96-8551-46A0-A12B-40ABC5198F79 
040 |a SNK  |b slo  |c SNK  |e rda 
041 0 |a eng 
044 |a xxk  |c GB  |a xxu  |c US 
072 7 |a 331  |x Práca  |2 konspekt 
080 |a 331.522.4  |2 2011 
080 |a 331  |2 2011 
080 |a 331.5  |2 2011 
080 |a 331.5.024.5  |2 2011 
080 |a 331.104/.105  |2 2011 
080 |a (078.7)  |2 2011 
080 |a (082)  |2 2011 
245 0 0 |a Employability  |b from theory to practice  |c editors Patricia Weinert, Michèle Baukens, Patrick Bollérot, Marina Pineschi-Gapènne, and Ulrich Walwei 
250 |a First issued in hardback 
264 1 |a London  |a New York  |b Routledge, Taylor & Francis Group  |c 2017 
300 |a xiv, 213 strán  |b ilustrácie  |c 24 cm 
336 |a text  |b txt  |2 rdacontent 
337 |a bez média  |b n  |2 rdamedia 
338 |a zväzok  |b nc  |2 rdacarrier 
490 1 |a International social security series  |v Volume 7 
500 |a Obsahuje profesijné údaje o prispievateľoch na strane 199-200 
504 |a Obsahuje bibliografiu za jednotlivými príspevkami ; register 
650 0 7 |a pracovná sila  |2 SNKPH  |9 2342 
650 0 7 |a Manpower  |2 SNKPHeng  |9 370094 
650 0 7 |a zamestnateľnosť  |2 SNKPH  |9 182383 
650 0 7 |a Employability  |2 SNKPHeng  |9 439689 
650 0 7 |a trh práce  |2 SNKPH  |9 2371 
650 0 7 |a Labour market  |2 SNKPHeng  |9 270171 
650 0 7 |a politika zamestnanosti  |2 SNKPH  |9 2332 
650 0 7 |a Employment policy  |2 SNKPHeng  |9 318360 
650 0 7 |a pracovné vzťahy  |2 SNKPH  |9 22181 
650 0 7 |a Industrial relations  |2 SNKPHeng  |9 313090 
655 7 |a prípadové štúdie  |2 SNKPH  |9 70498 
655 7 |a zborníky  |2 SNKPH  |9 70165 
655 7 |a Case studies  |2 SNKPHeng  |9 302769 
655 7 |a Papers of several authors  |2 SNKPHeng  |9 153738 
700 1 |a Weinert, Patricia  |4 edt  |9 620014 
700 1 |a Baukens, Michèle  |4 edt  |9 620015 
700 1 |a Bollérot, Patrick  |4 edt  |9 620016 
700 1 |a Pineschi-Gapènne, Marina  |4 edt  |9 620017 
700 1 |a Walwei, Ulrich  |4 edt  |9 620018 
830 0 |a International social security series  |9 620019 
919 |a 978-1-138-52278-7 
919 |a 978-0-7658-0879-0 
958 |a ZS 
958 |a NB 
999 |c 952633  |d 954563 
952 |a SNK  |b SNK  |y PREZ  |7 0  |p 17A1445466  |o snkSC 190921  |i snk2020/20170  |8 4  |g 122.09  |0 0  |1 0  |4 0  |d 2020-07-16  |f 1  |l 0  |r 2025-10-08 00:00:00  |w 2026-02-24